000 00374nam a2200169Ia 4500
001 13148
003 IN-NITTTR
005 20251114233123.0
008 251113s9999||||xx |||||||||||||| ||eng||
040 _beng
040 _cIN-NITTTR
041 _aeng
082 _a158.03 D352W
100 _aDeBono, Edward.
245 0 _aWordpower /
_cDeBono, Edward.
942 _2ddc
_cBK
999 _c15784
_d15784